| 000 | 01099nac a22002891u 4500 | ||
|---|---|---|---|
| 003 | EG-ScBUE | ||
| 005 | 20211122134026.0 | ||
| 008 | 120829s1986 ua f b 000 d ara d | ||
| 017 | _a1986 / 4490 | ||
| 020 | _a9770110701 | ||
| 040 |
_aEG-ScBUE _bara _erda _cEG-ScBUE _dEG-ScBUE |
||
| 082 | 0 | 4 |
_a892.726 _bد و ا _222 |
| 100 | 1 |
_aدوارة، فؤاد، _d1928-1996، _eمؤلف. _927009 |
|
| 245 | 1 | 0 |
_aمسرح توفيق الحكيم. _n2، _bالمسرحيات السياسية / _cفؤاد دوارة. |
| 246 | 3 | 0 | _aمسرحيات السياسية |
| 264 | 1 |
_aالقاهره : _bالهيئة المصرية العامة للكتاب، _c1986. |
|
| 300 |
_a479 صفحة ؛ _c24 سم |
||
| 336 |
_2rdacontent _aنص _btxt |
||
| 337 |
_2rdamedia _aبدون وسيط _bn |
||
| 338 |
_2rdacarrier _aمجلد _bnc |
||
| 504 | _aيشتمل على إرجاعات ببليوجرافية. | ||
| 650 | 7 |
_aالمسرحيات السياسية _zمصر _yقرن 20. _98535 _2BUEsh |
|
| 651 | _2BUEsh | ||
| 653 |
_bARALIT _cNovember2021 |
||
| 655 |
_vReading book _934232 |
||
| 942 |
_cBB _k892.726 د و ا _2ddc |
||
| 999 |
_c8083 _d8083 |
||